000 00588cab a2200217 4500
001 WB3423-46
008 090401t1998 xxu||||| |||| 00| 0 eng d
035 _a(Sirsi) u86862
041 _aeng
245 _aDeadline for CAP reform
260 _c1998
350 _a0
490 _aFinancial Times
_v17 June 1998, 2(1)
520 _aEU leaders at the Cardiff summit have set a nine-month deadline for reforming CAP and regional aid.
650 _aAGENDA 2000
650 _aCAP REFORM
650 _aREGIONAL AID
690 _aRURAL PRACTICE
942 _n0
948 _c17/06/1998
999 _c54699
_d54699